| 000 | 00520nam a2200205Ia 4500 | ||
|---|---|---|---|
| 008 | 230125s9999 xx 000 0 und d | ||
| 020 | _a0-534-02800-4 | ||
| 041 | _aeng | ||
| 082 |
_a658.45 _bVER |
||
| 100 |
_aVerderber R F _9114253 |
||
| 245 | _aCommunicate | ||
| 250 | _a4th ed | ||
| 260 |
_c1984 _bWadsworth pub _aCalifornia |
||
| 300 | _a396p | ||
| 500 | _aBusiness Communication;Communication | ||
| 500 | _aCommunicate | ||
| 650 | _aCommunication | ||
| 700 |
_aVerderber R F _9114253 |
||
| 999 |
_c91579 _d91579 |
||